01478cam a22004814i 4500003000900000005001700009008004100026020001500067020001800082035002000100040003300120041001300153082001900166100002900185245015300214264010000367300005500467336002100522337002500543338002300568504003900591526001000630526001000640526000900650526000900659526000900668526000900677526000900686526000900695526000800704526000800712526000800720526000800728526000800736526000800744526000800752526000800760534008600768650002100854650001600875710006800891710003700959PE-LiUPU20250731180117.0190918s2011 sp a rb 000 0 spa d a8416045828 a9788416045822 a(Sirsi) a252541 aPE-LiUPUbspacPE-LiUPUerda1 aspaheng04a573.6bS792201 aStewart, Arthur,eautor.10aProtocolo internacional para la valoración antropométrica /cArthur Stewart [y otros tres] ; Responsable de traducción: Francisco Esparza-Ros. 1aMurcia :bPublicado por Sociedad Internacional para el Avance de la Cineantropometría,c2019. a119 páginas :bilustraciones ;c21 centímetros atext2rdacontent aunmediated2rdamedia avolume2rdacarrier aBibliografía: páginas 117-119. aSEG44 aSEG26 aP159 aP155 aP154 aP153 aP150 aP100 aP31 aP30 aP26 aP25 aP24 aP22 aP15 aP10 pTítulo Original :tInternational standards for anthropometric assesment (2011).04aAntropometría.04aMedición.2 aSociedad Internacional para el Avance de la Cineantropometría2 aUniversidad Católica de Murcia